000 00467nam a2200169Ia 4500
008 140512s9999 xx 000 0 und d
020 _a0027246701
050 _aPZ 7
_b.C8195Cl 1985
100 _aCosta, Nicoletta.
245 4 _aThe clever dog /
_cNicoletta Costa.
260 _aNew York :
_bMacmillan Publishing Co.,
_cc1985.
300 _a[12] p. :
_bcol. Ill. ;
_c16 cm.
440 _aBilly & Bob
650 _aDogs
_xFiction.
942 _cBK
999 _c116690
_d116690